<?xml version="1.0" encoding="UTF-8"?>
<record
    xmlns:xsi="http://www.w3.org/2001/XMLSchema-instance"
    xsi:schemaLocation="http://www.loc.gov/MARC21/slim http://www.loc.gov/standards/marcxml/schema/MARC21slim.xsd"
    xmlns="http://www.loc.gov/MARC21/slim">

  <leader>02063nam0a22003731  4500</leader>
  <controlfield tag="001">rc\195620</controlfield>
  <controlfield tag="005">20250620225852.0</controlfield>
  <datafield tag="010" ind1=" " ind2=" ">
    <subfield code="a">5-298-00707-4</subfield>
    <subfield code="9">15000</subfield>
  </datafield>
  <datafield tag="035" ind1=" " ind2=" ">
    <subfield code="a">(NLR Aleph) 005450422</subfield>
  </datafield>
  <datafield tag="090" ind1=" " ind2=" ">
    <subfield code="a">4851455</subfield>
    <subfield code="c">4851455</subfield>
  </datafield>
  <datafield tag="100" ind1=" " ind2=" ">
    <subfield code="a">20030307d1991    |||y0rusy50      ca</subfield>
  </datafield>
  <datafield tag="101" ind1="0" ind2=" ">
    <subfield code="a">rus</subfield>
  </datafield>
  <datafield tag="102" ind1=" " ind2=" ">
    <subfield code="a">RU</subfield>
  </datafield>
  <datafield tag="105" ind1=" " ind2=" ">
    <subfield code="a">a   |||||||||</subfield>
  </datafield>
  <datafield tag="200" ind1="1" ind2=" ">
    <subfield code="a">&#x41F;&#x440;&#x43E;&#x449;&#x430;&#x43D;&#x438;&#x435; &#x441; &#x430;&#x43D;&#x433;&#x435;&#x43B;&#x43E;&#x43C;</subfield>
    <subfield code="e">&#x41A;&#x43D;. &#x440;&#x430;&#x441;&#x441;&#x43A;&#x430;&#x437;&#x43E;&#x432;</subfield>
    <subfield code="f">&#x420;&#x443;&#x441;&#x442;&#x435;&#x43C; &#x421;&#x430;&#x431;&#x438;&#x440;&#x43E;&#x432;</subfield>
  </datafield>
  <datafield tag="210" ind1=" " ind2=" ">
    <subfield code="a">&#x41A;&#x430;&#x437;&#x430;&#x43D;&#x44C;</subfield>
    <subfield code="c">&#x422;&#x430;&#x442;&#x430;&#x440;. &#x43A;&#x43D;. &#x438;&#x437;&#x434;-&#x432;&#x43E;</subfield>
    <subfield code="d">1991</subfield>
  </datafield>
  <datafield tag="215" ind1=" " ind2=" ">
    <subfield code="a">188, [2] &#x441;.</subfield>
    <subfield code="c">&#x43F;&#x43E;&#x440;&#x442;&#x440;.</subfield>
    <subfield code="d">20</subfield>
  </datafield>
  <datafield tag="327" ind1="1" ind2=" ">
    <subfield code="a">&#x421;&#x43E;&#x434;&#x435;&#x440;&#x436;.: &#x412; &#x43F;&#x440;&#x435;&#x434;&#x443;&#x442;&#x440;&#x435;&#x43D;&#x43D;&#x435;&#x43C; &#x442;&#x443;&#x43C;&#x430;&#x43D;&#x435;; &#x411;&#x443;&#x43A;&#x435;&#x442; &#x43E;&#x440;&#x445;&#x438;&#x434;&#x435;&#x439;; &#x41F;&#x440;&#x43E;&#x449;&#x430;&#x43D;&#x438;&#x435; &#x441; &#x430;&#x43D;&#x433;&#x435;&#x43B;&#x43E;&#x43C;; &#x41F;&#x43E;&#x43B;&#x435;&#x442; &#x432;&#x430;&#x43B;&#x44C;&#x43A;&#x438;&#x440;&#x438;&#x439;; &#x423;&#x43D;&#x438;&#x43A;&#x430;&#x43B;&#x44C;&#x43D;&#x44B;&#x439; &#x441;&#x43B;&#x443;&#x447;&#x430;&#x439;; &#x414;&#x43E;&#x440;&#x43E;&#x433;&#x430; &#x434;&#x43E;&#x43C;&#x43E;&#x439;; &#x41F;&#x44C;&#x435;&#x440;&#x43E;; &#x414;&#x43E;&#x43B;&#x433;&#x43E;&#x435; &#x432;&#x43E;&#x437;&#x432;&#x440;&#x430;&#x449;&#x435;&#x43D;&#x438;&#x435;; &#x425;&#x43E;&#x43B;&#x43E;&#x434;&#x43D;&#x44B;&#x439; &#x430;&#x43F;&#x440;&#x435;&#x43B;&#x44C;; &#x421;&#x43A;&#x438;&#x444;&#x441;&#x43A;&#x430;&#x44F; &#x43F;&#x435;&#x441;&#x43D;&#x44C;: &#x42D;&#x43F;&#x438;&#x437;&#x43E;&#x434;&#x44B; &#x438;&#x437; &#x436;&#x438;&#x437;&#x43D;&#x438; &#x413;&#x430;&#x43B;&#x438;&#x445;&#x430;&#x43D;&#x430; &#x41A;&#x430;&#x440;&#x438;&#x43C;&#x43E;&#x432;&#x430;, &#x440;&#x430;&#x441;&#x441;&#x43A;&#x430;&#x437;&#x430;&#x43D;&#x43D;&#x44B;&#x435; &#x438;&#x43C; &#x441;&#x430;&#x43C;&#x438;&#x43C;</subfield>
  </datafield>
  <datafield tag="464" ind1=" " ind2="0">
    <subfield code="1">2001#$a&#x412; &#x43F;&#x440;&#x435;&#x434;&#x443;&#x442;&#x440;&#x435;&#x43D;&#x43D;&#x435;&#x43C; &#x442;&#x443;&#x43C;&#x430;&#x43D;&#x435;</subfield>
    <subfield code="t">&#x412; &#x43F;&#x440;&#x435;&#x434;&#x443;&#x442;&#x440;&#x435;&#x43D;&#x43D;&#x435;&#x43C; &#x442;&#x443;&#x43C;&#x430;&#x43D;&#x435;</subfield>
  </datafield>
  <datafield tag="464" ind1=" " ind2="0">
    <subfield code="1">2001#$a&#x411;&#x443;&#x43A;&#x435;&#x442; &#x43E;&#x440;&#x445;&#x438;&#x434;&#x435;&#x439;</subfield>
    <subfield code="t">&#x411;&#x443;&#x43A;&#x435;&#x442; &#x43E;&#x440;&#x445;&#x438;&#x434;&#x435;&#x439;</subfield>
  </datafield>
  <datafield tag="464" ind1=" " ind2="0">
    <subfield code="1">2001#$a&#x41F;&#x440;&#x43E;&#x449;&#x430;&#x43D;&#x438;&#x435; &#x441; &#x430;&#x43D;&#x433;&#x435;&#x43B;&#x43E;&#x43C;</subfield>
    <subfield code="t">&#x41F;&#x440;&#x43E;&#x449;&#x430;&#x43D;&#x438;&#x435; &#x441; &#x430;&#x43D;&#x433;&#x435;&#x43B;&#x43E;&#x43C;</subfield>
  </datafield>
  <datafield tag="464" ind1=" " ind2="0">
    <subfield code="1">2001#$a&#x41F;&#x43E;&#x43B;&#x435;&#x442; &#x432;&#x430;&#x43B;&#x44C;&#x43A;&#x438;&#x440;&#x438;&#x439;</subfield>
    <subfield code="t">&#x41F;&#x43E;&#x43B;&#x435;&#x442; &#x432;&#x430;&#x43B;&#x44C;&#x43A;&#x438;&#x440;&#x438;&#x439;</subfield>
  </datafield>
  <datafield tag="464" ind1=" " ind2="0">
    <subfield code="1">2001#$a&#x423;&#x43D;&#x438;&#x43A;&#x430;&#x43B;&#x44C;&#x43D;&#x44B;&#x439; &#x441;&#x43B;&#x443;&#x447;&#x430;&#x439;</subfield>
    <subfield code="t">&#x423;&#x43D;&#x438;&#x43A;&#x430;&#x43B;&#x44C;&#x43D;&#x44B;&#x439; &#x441;&#x43B;&#x443;&#x447;&#x430;&#x439;</subfield>
  </datafield>
  <datafield tag="464" ind1=" " ind2="0">
    <subfield code="1">2001#$a&#x414;&#x43E;&#x440;&#x43E;&#x433;&#x430; &#x434;&#x43E;&#x43C;&#x43E;&#x439;</subfield>
    <subfield code="t">&#x414;&#x43E;&#x440;&#x43E;&#x433;&#x430; &#x434;&#x43E;&#x43C;&#x43E;&#x439;</subfield>
  </datafield>
  <datafield tag="464" ind1=" " ind2="0">
    <subfield code="1">2001#$a&#x41F;&#x44C;&#x435;&#x440;&#x43E;</subfield>
    <subfield code="t">&#x41F;&#x44C;&#x435;&#x440;&#x43E;</subfield>
  </datafield>
  <datafield tag="464" ind1=" " ind2="0">
    <subfield code="1">2001#$a&#x414;&#x43E;&#x43B;&#x433;&#x43E;&#x435; &#x432;&#x43E;&#x437;&#x432;&#x440;&#x430;&#x449;&#x435;&#x43D;&#x438;&#x435;</subfield>
    <subfield code="t">&#x414;&#x43E;&#x43B;&#x433;&#x43E;&#x435; &#x432;&#x43E;&#x437;&#x432;&#x440;&#x430;&#x449;&#x435;&#x43D;&#x438;&#x435;</subfield>
  </datafield>
  <datafield tag="464" ind1=" " ind2="0">
    <subfield code="1">2001#$a&#x425;&#x43E;&#x43B;&#x43E;&#x434;&#x43D;&#x44B;&#x439; &#x430;&#x43F;&#x440;&#x435;&#x43B;&#x44C;</subfield>
    <subfield code="t">&#x425;&#x43E;&#x43B;&#x43E;&#x434;&#x43D;&#x44B;&#x439; &#x430;&#x43F;&#x440;&#x435;&#x43B;&#x44C;</subfield>
  </datafield>
  <datafield tag="464" ind1=" " ind2="0">
    <subfield code="1">2001#$a&#x421;&#x43A;&#x438;&#x444;&#x441;&#x43A;&#x430;&#x44F; &#x43F;&#x435;&#x441;&#x43D;&#x44C;</subfield>
    <subfield code="t">&#x421;&#x43A;&#x438;&#x444;&#x441;&#x43A;&#x430;&#x44F; &#x43F;&#x435;&#x441;&#x43D;&#x44C;</subfield>
  </datafield>
  <datafield tag="700" ind1=" " ind2="1">
    <subfield code="a">&#x421;&#x430;&#x431;&#x438;&#x440;&#x43E;&#x432;</subfield>
    <subfield code="b">&#x420;. &#x420;.</subfield>
    <subfield code="c">&#x43F;&#x438;&#x441;&#x430;&#x442;&#x435;&#x43B;&#x44C;</subfield>
    <subfield code="f">1951-</subfield>
    <subfield code="g">&#x420;&#x443;&#x441;&#x442;&#x435;&#x43C; &#x420;&#x430;&#x438;&#x441;&#x43E;&#x432;&#x438;&#x447;</subfield>
    <subfield code="9">142298</subfield>
    <subfield code="3">RU\NLR\AUTH\770142334</subfield>
  </datafield>
  <datafield tag="801" ind1=" " ind2="0">
    <subfield code="a">RU</subfield>
    <subfield code="b">NLR</subfield>
    <subfield code="g">psbo</subfield>
  </datafield>
  <datafield tag="801" ind1=" " ind2="1">
    <subfield code="a">RU</subfield>
    <subfield code="b">ELAR</subfield>
    <subfield code="2">rusmarc</subfield>
  </datafield>
  <datafield tag="852" ind1=" " ind2=" ">
    <subfield code="a">NLR</subfield>
    <subfield code="j">91-3/7330</subfield>
  </datafield>
  <datafield tag="942" ind1=" " ind2=" ">
    <subfield code="c">BOOK</subfield>
  </datafield>
  <datafield tag="980" ind1=" " ind2=" ">
    <subfield code="a">NB</subfield>
  </datafield>
  <datafield tag="995" ind1=" " ind2=" ">
    <subfield code="5">2013-10-26</subfield>
    <subfield code="b">NLR01</subfield>
    <subfield code="c">NLR01</subfield>
    <subfield code="e">RF9</subfield>
    <subfield code="f">5450422-10</subfield>
    <subfield code="k">91-3/7330</subfield>
    <subfield code="o">0</subfield>
    <subfield code="r">BOOK</subfield>
    <subfield code="s">9137330_</subfield>
  </datafield>
</record>
